Mass transfer in the Frenkel-Kontorova chain initiated by molecule impact; Physical Review E; Vol. 98, iss. 2

Dades bibliogràfiques
Parent link:Physical Review E
Vol. 98, iss. 2.— 2018.— [023003, 9 p. ]
Autor corporatiu: Национальный исследовательский Томский политехнический университет (ТПУ) Юргинский технологический институт (филиал) (ЮТИ) Отделение техносферной безопасности (ОТБ)
Altres autors: Moradi M. A. Marjaneh, Saadatmand D. Danial, Evazzade I. Iman, Babicheva R. I. Rita, Soboleva E. G. Elvira Gomerovna, Srikanth N. Narasimalu, Zhou Kun, Korznikova E. A. Elena Aleksandrovna, Dmitriev S. A. Sergey Vladimirovich
Sumari:Title screen
The Frenkel-Kontorova chain with a free end is used to study initiation and propagation of crowdions (antikinks) caused by impact of a molecule consisting of K atoms. It is found that molecules with 1<K<10 are more efficient in the initiation of crowdions as compared to a single atom (K=1) because the total energy needed to initiate the crowdions by molecules is smaller. This happens because a single atom can initiate in the chain only sharp, fast-moving crowdions that require relatively large energy. A molecule has finite length, and that is why it is able to excite a wider crowdion with a smaller velocity and smaller energy. Our results can shed light on the atomistic mechanisms of mass transfer in crystals subject to atom and molecule bombardment.
Idioma:anglès
Publicat: 2018
Matèries:
Accés en línia:http://earchive.tpu.ru/handle/11683/64949
https://doi.org/10.1103/PhysRevE.98.023003
Format: MixedMaterials Electrònic Capítol de llibre
KOHA link:https://koha.lib.tpu.ru/cgi-bin/koha/opac-detail.pl?biblionumber=660036

MARC

LEADER 00000naa0a2200000 4500
001 660036
005 20250328135916.0
035 |a (RuTPU)RU\TPU\network\28936 
035 |a RU\TPU\network\27998 
090 |a 660036 
100 |a 20190418d2018 k||y0rusy50 ba 
101 0 |a eng 
102 |a US 
135 |a drcn ---uucaa 
181 0 |a i  
182 0 |a b 
200 1 |a Mass transfer in the Frenkel-Kontorova chain initiated by molecule impact  |f M. A. Moradi [et al.] 
203 |a Text  |c electronic 
300 |a Title screen 
320 |a [References: 73 tit.] 
330 |a The Frenkel-Kontorova chain with a free end is used to study initiation and propagation of crowdions (antikinks) caused by impact of a molecule consisting of K atoms. It is found that molecules with 1<K<10 are more efficient in the initiation of crowdions as compared to a single atom (K=1) because the total energy needed to initiate the crowdions by molecules is smaller. This happens because a single atom can initiate in the chain only sharp, fast-moving crowdions that require relatively large energy. A molecule has finite length, and that is why it is able to excite a wider crowdion with a smaller velocity and smaller energy. Our results can shed light on the atomistic mechanisms of mass transfer in crystals subject to atom and molecule bombardment. 
461 |t Physical Review E 
463 |t Vol. 98, iss. 2  |v [023003, 9 p. ]  |d 2018 
610 1 |a электронный ресурс 
610 1 |a труды учёных ТПУ 
610 1 |a массоперенос 
701 1 |a Moradi  |b M. A.  |g Marjaneh 
701 1 |a Saadatmand  |b D.  |g Danial 
701 1 |a Evazzade  |b I.  |g Iman 
701 1 |a Babicheva  |b R. I.  |g Rita 
701 1 |a Soboleva  |b E. G.  |c physicist  |c Associate Professor of Yurga technological Institute of Tomsk Polytechnic University, Candidate of physical and mathematical Sciences  |f 1976-  |g Elvira Gomerovna  |3 (RuTPU)RU\TPU\pers\32994  |9 16839 
701 1 |a Srikanth  |b N.  |g Narasimalu 
701 0 |a Zhou Kun 
701 1 |a Korznikova  |b E. A.  |g Elena Aleksandrovna 
701 1 |a Dmitriev  |b S. A.  |g Sergey Vladimirovich 
712 0 2 |a Национальный исследовательский Томский политехнический университет (ТПУ)  |b Юргинский технологический институт (филиал) (ЮТИ)  |b Отделение техносферной безопасности (ОТБ)  |3 (RuTPU)RU\TPU\col\24897 
801 2 |a RU  |b 63413507  |c 20210329  |g RCR 
856 4 |u http://earchive.tpu.ru/handle/11683/64949 
856 4 |u https://doi.org/10.1103/PhysRevE.98.023003 
942 |c CF